Rails at the Pass of the North /

Bibliographic Details
Main Author: Leonard, Edward A. (Edward Almand)
Format: Book
Language:English
Published: [El Paso] : Texas Western Press, the University of Texas at El paso, [1981]
Series:Southwestern studies (El Paso, Tex.) ; monograph no. 63.
Subjects:

MARC

Tag First Indicator Second Indicator Subfields
LEADER 00000cam a2200000 a 4500
001 in00000076007
005 20151008060357.0
008 810707s1981 txuabf b s00010 eng
010 |a  81144980  
020 |a 0874041228 (pbk.) :  |c $3.00 
035 |a (OCoLC)07426246 
035 |9 AAJ5629AM 
039 0 |a 2  |b 3  |c 3  |d 3  |e 3 
040 |a DLC  |c DLC  |d OCL  |d TXA  |d UtOrBLW 
043 |a n-us-tx 
049 |a TXAM  |c [801032] 
050 0 0 |a HE2781.E4  |b L46 
082 0 |a 385/.09764/96  |2 19 
100 1 |a Leonard, Edward A.  |q (Edward Almand) 
245 1 0 |a Rails at the Pass of the North /  |c by Edward A. Leonard. 
264 1 |a [El Paso] :  |b Texas Western Press, the University of Texas at El paso,  |c [1981] 
264 4 |c ©1981 
300 |a 60 pages, 4 unnumbered pages of plates :  |b illustrations, map ;  |c 23 cm. 
336 |a text  |b txt  |2 rdacontent 
337 |a unmediated  |b n  |2 rdamedia 
338 |a volume  |b nc  |2 rdacarrier 
490 1 |a Southwestern studies ;  |v monograph no. 63 
504 |a Includes bibliographical references. 
650 0 |a Railroads  |z Texas  |z El Paso  |x History. 
830 0 |a Southwestern studies (El Paso, Tex.) ;  |v monograph no. 63. 
999 |a MARS 
999 f f |s 1ab4184a-14b2-3ba1-bb6b-b224dab1cb33  |i 439f1c37-54c6-352e-a089-a585f2e17cfc  |t 0 
952 f f |p ric  |a Texas A&M University  |b Rellis Campus  |c Joint Library Facility  |d Remote Storage  |t 0  |e HE2781.E4 L46  |h Library of Congress classification  |i unmediated -- volume  |m A14806133028 
998 f f |a HE2781.E4 L46  |t 0  |l Remote Storage